Autour des titres d'Agatha Christie... - Statistiques

Statistiques générales
  • Ce quiz a été pris 35 fois
  • Le résultat moyen est 48 sur 188
Statistiques - réponses
Hint Réponse % Correct
Les titres des romans et nouvelles avec des chiffres et des adjectifs numéraux (en lettres) {Dix} brèves rencontres
84%
Les titres des romans et nouvelles avec des chiffres et des adjectifs numéraux (en lettres) {Dix} petits nègres
84%
Les titres des romans et nouvelles avec des chiffres et des adjectifs numéraux (en lettres) {Cinq} petits cochons
81%
Les prénoms présents dans les titres de romans et de nouvelles H Hercule
78%
Les mots figurant au moins 3 fois dans les titres de romans ou de nouvelles 10 fois Poirot
78%
Les patronymes qui apparaissent dans les titres de romans ou de nouvelles P Poirot
78%
Les titres des romans et nouvelles avec des chiffres et des adjectifs numéraux (en lettres) Drame en {trois} actes
75%
Les titres évoquant le train L Le crime de l'Orient express
75%
Les couleurs dans les titres de romans et de nouvelles Les lingots d'{or}
75%
Les couleurs dans les titres de romans et de nouvelles Les pommes d'{or} du jardin des Hespérides
75%
Les titres des romans et nouvelles avec des chiffres et des adjectifs numéraux (en lettres) Poirot résoud {trois} énigmes
75%
Les titres des pièces de théâtre 1962 Règle de {Trois}
75%
Les titres des romans et nouvelles avec des chiffres et des adjectifs numéraux (en lettres) {Trois} souris
75%
Les couleurs dans les titres de romans et de nouvelles Le géranium {bleu}
72%
Les couleurs dans les titres de romans et de nouvelles Le mystère du vase {bleu}
72%
Les couleurs dans les titres de romans et de nouvelles Le train {bleu}
72%
Les titres des romans et nouvelles avec des chiffres et des adjectifs numéraux (en lettres) L'enlèvement du {Premier} ministre
66%
Les animaux apparaissant dans les titres de romans et de nouvelles C Chat
63%
Les couleurs dans les titres de romans et de nouvelles La boule {rouge}
63%
Les couleurs dans les titres de romans et de nouvelles Le signal {rouge}
63%
Les titres des romans et nouvelles avec des chiffres et des adjectifs numéraux (en lettres) L'appartement du {troisième}
59%
Les titres des romans et nouvelles avec des chiffres et des adjectifs numéraux (en lettres) La {troisième} fille
59%
Les mots figurant au moins 3 fois dans les titres de romans ou de nouvelles 8 fois Meurtre
59%
Les titres des romans et nouvelles avec des chiffres et des adjectifs numéraux (en lettres) Les {Quatre}
56%
Les titres des romans et nouvelles avec des chiffres et des adjectifs numéraux (en lettres) Les {quatre} suspects
56%
Les titres évoquant le train L Le train bleu
56%
Les titres des romans et nouvelles avec des chiffres et des adjectifs numéraux (en lettres) L'heure {zéro}
56%
Les animaux apparaissant dans les titres de romans et de nouvelles C Chien
53%
Les couleurs dans les titres de romans et de nouvelles Le cheval {pâle}
53%
Les couleurs dans les titres de romans et de nouvelles Le mort avait les dents {blanches}
53%
Les titres des romans et nouvelles avec des chiffres et des adjectifs numéraux (en lettres) Les {sept} cadrans
53%
Quel est le titre français ? Towards zero L'heure zéro
53%
Les mots figurant au moins 3 fois dans les titres de romans ou de nouvelles 12 fois Mort
53%
Les titres des romans et nouvelles avec des chiffres et des adjectifs numéraux (en lettres) Nous {deux} mon chien
53%
Les titres des romans et nouvelles avec des chiffres et des adjectifs numéraux (en lettres) {Un}, {deux}, {trois}
53%
Les titres évoquant une comptine, une chanson, une citation, une expression U Un, deux, trois
53%
Quel est le titre français ? One, two, buckle my shoe Un, deux, trois
53%
Les titres des romans et nouvelles avec des chiffres et des adjectifs numéraux (en lettres) L'agent N°{seize}
50%
Quel est le titre français ? In a Glass Darkly Le Miroir
50%
Les mots figurant au moins 3 fois dans les titres de romans ou de nouvelles 4 fois Marple
50%
Les patronymes qui apparaissent dans les titres de romans ou de nouvelles M Marple
50%
Quel est le titre français ? Peril at End house La maison du péril
47%
Les titres évoquant une comptine, une chanson, une citation, une expression D Dix petits nègres
44%
Les animaux apparaissant dans les titres de romans et de nouvelles E Eléphant
44%
Quel est le titre français ? Halloween's party La fête du potiron
44%
Les titres évoquant le train L Le train de 16h50
44%
Quel est le titre français ? 4:50 from Paddington Le train de 16h50
44%
Les titres évoquant une comptine, une chanson, une citation, une expression C Cinq petits cochons
41%
Les animaux apparaissant dans les titres de romans et de nouvelles C Cochon
41%
Les couleurs dans les titres de romans et de nouvelles L'affaire de la perle {rose}
41%
Les mots figurant au moins 3 fois dans les titres de romans ou de nouvelles 4 fois Témoin
41%
Les patronymes qui apparaissent dans les titres de romans ou de nouvelles A Ackroyd
38%
Les animaux apparaissant dans les titres de romans et de nouvelles C Cheval
38%
Les villes et régions dans les titres de romans ou de nouvelles M Mésopotamie
38%
Les animaux apparaissant dans les titres de romans et de nouvelles P Pigeon
38%
Les titres des romans et nouvelles avec des chiffres et des adjectifs numéraux (en lettres) Vol d'un {million} de dollars de bons
38%
Les mots figurant au moins 3 fois dans les titres de romans ou de nouvelles 6 fois Crime
34%
Quel est le titre français ? Curtain: Poirot's Last Case Hercule Poirot quitte la scène
34%
Quel est le titre français ? Sad Cypress Je ne suis pas coupable
34%
Les titres des romans qui sont sous forme de question N N. ou M. ?
34%
Les prénoms présents dans les titres de romans et de nouvelles R Roger
34%
Les titres des romans et nouvelles avec des chiffres et des adjectifs numéraux (en lettres) Une chanson pour {six} pence
34%
Les animaux apparaissant dans les titres de romans et de nouvelles L Lion
31%
Les animaux apparaissant dans les titres de romans et de nouvelles S Souris
31%
Les prénoms présents dans les titres de romans et de nouvelles J Jane
28%
Les titres des pièces de théâtre 1954 La toile d'{araignée}
28%
Quel est le titre français ? Murder on the links Le crime du golf
28%
Quel est le titre français ? A caribbean mystery Le major parlait trop
28%
Les titres des romans et nouvelles avec des chiffres et des adjectifs numéraux (en lettres) Le {quatrième} homme
28%
Les titres des romans et nouvelles avec des chiffres et des adjectifs numéraux (en lettres) Le train de {seize} heures {cinquante}
28%
Les animaux apparaissant dans les titres de romans et de nouvelles O Oiseau
28%
Les titres des romans qui sont sous forme de question P Pourquoi pas Evans ?
28%
Les patronymes qui apparaissent dans les titres de romans ou de nouvelles Q Quinn
28%
Les mots figurant au moins 3 fois dans les titres de romans ou de nouvelles 7 fois Affaire
25%
Les titres des romans et nouvelles avec des chiffres et des adjectifs numéraux (en lettres) {Cinq} heures {vingt-cinq}
25%
Les titres évoquant une comptine, une chanson, une citation, une expression J Jeux de glaces
25%
Quel est le titre français ? They do it with mirrors Jeux de glaces
25%
Quel est le titre français ? Sleeping Murder: Miss Marple's Last Case La dernière énigme
25%
Quel est le titre français ? The moving finger La plume empoisonnée
25%
Quel est le titre français ? Lord Edgware dies Le couteau sur la nuque
25%
Quel est le titre français ? Evil under the sun Les vacances d'Hercule Poirot
25%
Les patronymes qui apparaissent dans les titres de romans ou de nouvelles M G Mac Ginty
25%
Les mots figurant au moins 3 fois dans les titres de romans ou de nouvelles 9 fois Mystère
25%
Les villes et régions dans les titres de romans ou de nouvelles F Francfort
22%
Les titres évoquant une comptine, une chanson, une citation, une expression L Le flux et le reflux
22%
Quel est le titre français ? Taken at the flood Le flux et le reflux
22%
Quel est le titre français ? Sparkling Cyanide Meurtre au champagne
22%
Quel est le titre français ? The thirteen problems Miss Marple au club du mardi
22%
Quel est le titre français ? Dead man's folly Poirot joue le jeu
22%
Les patronymes qui apparaissent dans les titres de romans ou de nouvelles B Brown
19%
Quel est le titre français ? The Sittaford mystery Cinq heures vingt-cinq
19%
Quel est le titre français ? How does your Garden Grow? Comment poussent vos fleurs ?
19%
Les autres oeuvres Autobiographie Dis-moi comment tu {vis}
19%
Les patronymes qui apparaissent dans les titres de romans ou de nouvelles E Evans
19%
Les mots figurant au moins 3 fois dans les titres de romans ou de nouvelles 4 fois Heure
19%
Quel est le titre français ? The murder at the Vicarage L'affaire Protheroe
19%
Les titres évoquant une comptine, une chanson, une citation, une expression L Le cheval pâle
19%
Quel est le titre français ? Murder in the Mews Le miroir du mort | Feux d'artifice
19%
Les titres évoquant une comptine, une chanson, une citation, une expression L Le miroir se brisa
19%
Les titres évoquant une comptine, une chanson, une citation, une expression M Mon petit doigt m'a dit
19%
Quel est le titre français ? By the pricking of my thumbs Mon petit doigt m'a dit
19%
Quel est le titre français ? Hickory Dickory Dock Pension Vanilos
19%
Les patronymes qui apparaissent dans les titres de romans ou de nouvelles P Protheroe
19%
Les animaux apparaissant dans les titres de romans et de nouvelles B Biche
16%
Quel est le titre français ? The secret adversary Mr Brown
16%
Les prénoms présents dans les titres de romans et de nouvelles P Parker
16%
Les patronymes qui apparaissent dans les titres de romans ou de nouvelles P Pyne
16%
Les titres évoquant une comptine, une chanson, une citation, une expression U Une mémoire d'éléphant
16%
Les titres évoquant une comptine, une chanson, une citation, une expression U Une poignée de seigle
16%
Les prénoms présents dans les titres de romans et de nouvelles A Arthur
13%
Les villes et régions dans les titres de romans ou de nouvelles B Bagdad
13%
Les titres des pièces de théâtre 1930 Black {coffee}
13%
Les titres évoquant une comptine, une chanson, une citation, une expression L Le cheval à bascule
13%
Quel est le titre français ? Postern of fate Le cheval à bascule
13%
Les animaux apparaissant dans les titres de romans et de nouvelles S Sanglier
13%
Quel est le titre français ? Ordeal by innocence Témoin indésirable
13%
Les mots figurant au moins 3 fois dans les titres de romans ou de nouvelles 5 fois Homme
9%
Les animaux apparaissant dans les titres de romans et de nouvelles H Hydre
9%
Les titres évoquant une comptine, une chanson, une citation, une expression L La nuit qui ne finit pas
9%
Quel est le titre français ? The Hound of Death Le Flambeau
9%
Sous le pseudonyme de Mary Westmacott 1956 Le poids de l'{amour}
9%
Quel est le titre français ? After the funeral Les indiscrétions d'Hercule Poirot
9%
Sous le pseudonyme de Mary Westmacott 1948 L'{If} et la Rose
9%
Sous le pseudonyme de Mary Westmacott 1944 Loin de vous ce {printemps}
9%
Les animaux apparaissant dans les titres de romans et de nouvelles T Taureau
9%
Les patronymes qui apparaissent dans les titres de romans ou de nouvelles V Vanilos
9%
Les mots figurant au moins 3 fois dans les titres de romans ou de nouvelles 4 fois Aventure
6%
Les prénoms présents dans les titres de romans et de nouvelles H Hélène
6%
Quel est le titre français ? Poirot's early cases Le bal de la victoire
6%
Les titres des romans qui sont sous forme de question L Le meurtre est-il facile ?
6%
Les titres évoquant le train L L'Express de Plymouth
6%
Les mots figurant au moins 3 fois dans les titres de romans ou de nouvelles 3 fois Miroir
6%
Quel est le titre français ? Miss Marple's Final Cases Miss Marple tire sa révérence
6%
Les villes et régions dans les titres de romans ou de nouvelles MC Monte-Carlo
6%
Les mots figurant au moins 3 fois dans les titres de romans ou de nouvelles 4 fois Noël
6%
Sous le pseudonyme de Mary Westmacott 1952 Ainsi vont les {filles}
3%
Les patronymes qui apparaissent dans les titres de romans ou de nouvelles B Bertram
3%
Les villes et régions dans les titres de romans ou de nouvelles C Clapham
3%
Les villes et régions dans les titres de romans ou de nouvelles C Cornouailles
3%
Quel est le titre français ? The Call of Wings Dans un battement d'ailes
3%
Quel est le titre français ? The Agatha Christie Hour Dix brèves rencontres
3%
Quel est le titre français ? Sanctuary Droit d'asile
3%
Les prénoms présents dans les titres de romans et de nouvelles E Edward
3%
Les prénoms présents dans les titres de romans et de nouvelles J Johnnie
3%
Quel est le titre français ? The Case of the Missing Will L'énigme du testament de M. Marsh
3%
Quel est le titre français ? The Case of the Middle-aged Wife L'épouse délaissée
3%
Quel est le titre français ? The Under Dog Le souffre-douleur | Le retour d'Hercule Poirot
3%
Les titres des pièces de théâtre 1958 Le visiteur {inattendu}
3%
Les villes et régions dans les titres de romans ou de nouvelles M Man
3%
Les patronymes qui apparaissent dans les titres de romans ou de nouvelles M Marsh
3%
Sous le pseudonyme de Mary Westmacott 1930 Musique {barbare}
3%
Quel est le titre français ? Next to a Dog Nous deux mon chien
3%
Les prénoms présents dans les titres de romans et de nouvelles P Pierre
3%
Sous le pseudonyme de Mary Westmacott 1934 Portrait {inachevé}
3%
Les villes et régions dans les titres de romans ou de nouvelles R Rhodes
3%
Les autres oeuvres Autobiographie Une {autobiographie}
3%
Les patronymes qui apparaissent dans les titres de romans ou de nouvelles W Waverly
3%
Les titres des pièces de théâtre 1937 {Akhénaton}
0%
Les prénoms présents dans les titres de romans et de nouvelles A Astarté
0%
Les patronymes qui apparaissent dans les titres de romans ou de nouvelles C Carmichael
0%
Les villes et régions dans les titres de romans ou de nouvelles C Chiraz
0%
Les animaux apparaissant dans les titres de romans et de nouvelles C Cygne
0%
Les patronymes qui apparaissent dans les titres de romans ou de nouvelles D Davenheim
0%
Les villes et régions dans les titres de romans ou de nouvelles D Delphes
0%
Les patronymes qui apparaissent dans les titres de romans ou de nouvelles E Eastwood
0%
Les titres des pièces de théâtre 1972 Fiddlers {Three}
0%
Les prénoms présents dans les titres de romans et de nouvelles H Hippolyte
0%
Les autres oeuvres Roman coécrit avec D. Sayers L'{amiral} flottant
0%
Quel est le titre français ? Strange Jest La mort pour rire
0%
Quel est le titre français ? The fourth man La vivante et la morte
0%
Quel est le titre français ? The Adventure of the Italian Nobleman Le crime de Regent's Court
0%
Les patronymes qui apparaissent dans les titres de romans ou de nouvelles L Lemesurier
0%
Quel est le titre français ? Four-and-Twenty Blackbirds Le mort avait les dents blanches
0%
Quel est le titre français ? The Edge Le point de non retour
0%
Quel est le titre français ? Greenshaw's Folly Le policeman vous dit l'heure
0%
Quel est le titre français ? The Case of the Caretaker Malédiction
0%
Les villes et régions dans les titres de romans ou de nouvelles MB Market Basing
0%
Les villes et régions dans les titres de romans ou de nouvelles P Plymouth
0%
Les autres oeuvres Recueil de poèmes {Poems}
0%
Les villes et régions dans les titres de romans ou de nouvelles P Pollensa
0%
Les patronymes qui apparaissent dans les titres de romans ou de nouvelles R Robinson
0%
Les autres oeuvres Recueil de poèmes et de nouvelles Star over {Bethlehem}
0%
Les autres oeuvres Recueil de poèmes The {road} of dreams
0%
Les titres évoquant une comptine, une chanson, une citation, une expression U Une chanson pour six pence
0%
Les titres évoquant le train U Une jeune fille dans le train | Erreur d'aiguillage
0%
Quel est le titre français ? Death by Drowning Une noyée au village
0%
Quel est le titre français ? The Soul of the Crouper Un soir à Monte-Carlo
0%
Les titres des pièces de théâtre 1958 {Verdict}
0%
Aucun quiz correspondant
Distribution des résultats
% des personnes avec chaque résultat
Percentile par nombre de réponses
Votre historique - résultats
Vous n’avez pas pris ce quiz